| 000 | 02013nam0a2200373 i 4500 | ||
|---|---|---|---|
| 001 | RU\NLR\BIBL_A\011166375 | ||
| 005 | 20241105192119.0 | ||
| 010 |
_a9785980511234 _9500 |
||
| 035 | _a(NLR Aleph) 011166375 | ||
| 090 |
_a11744053 _c11744053 |
||
| 100 | _a20160627d2013 u y0rusy50 ca | ||
| 101 | 0 | _arus | |
| 102 | _aRU | ||
| 105 | _aach z 001zd | ||
| 200 | 1 |
_aМосква Жерара Делабарта _eшестнадцать видов Первопрестольной столицы и окрестностей, писанные по заказу Екатерины II и императора Павла I французским живописцем и акварелистом Жераром Делабартом, гравированные и раскрашенные иностранными мастерами _e[альбом] _fЯ. В. Брук |
|
| 210 |
_aМосква _cИскусство-XXI век _d2013 |
||
| 215 |
_a165, [2] с. _cил., цв. ил., портр., факс. в футляре _d31 |
||
| 225 | 1 | _aБиблиотека Банка Москвы | |
| 300 | _aНа обл. авт. не указан | ||
| 316 |
_aС автогр. авт. _5NLR |
||
| 320 | _aБиблиогр. в конце кн. и в подстроч. примеч. | ||
| 333 | _a12+ | ||
| 600 | 1 |
_aДелабарт _bЖ. _f18 - 19 вв. _gЖерар _jАльбомы _92296269 _3RU\NLR\AUTH\6601601972 |
|
| 607 |
_aМосква, город _jАльбомы _xв изобразительном искусстве _91208948 _3RU\NLR\AUTH\66490548 |
||
| 686 | 1 | _aЩ153(4Фр)5-8Делабарт я61 | |
| 686 | 1 | _aЩ153(2Р=Рус)5-8Делабарт я61 | |
| 686 | 1 | _aЩ103(0)-3я61 | |
| 700 | 1 |
_aБрук _bЯ.В. _f1939- _gЯков Владимирович |
|
| 702 | 1 |
_4570 _7ca _8rus _aДелабарт _bЖ. _f18-19 вв. _gЖерар _9180272 _3RU\NLR\AUTH\770180323 |
|
| 942 | _cBOOK | ||
| 980 | _aNBR | ||